| 000 | 00728nam a2200229Ia 4500 | ||
|---|---|---|---|
| 003 | GCL | ||
| 008 | 140319s9999 xx 000 0 ara d | ||
| 040 |
_aGCL / _cGCL |
||
| 082 | 0 | 4 |
_aم _b403.22 _bش ق |
| 100 | 1 | _aشفيق عصمت | |
| 245 | 1 | 0 |
_aقاموس الشرطة انجليزى - عربى THE POLICE DICTIONARY'ENGLISH - ARABIC / _cشفيق عصمت |
| 260 |
_a[S.N] : _bمكتبة لبنان ، _c1980 |
||
| 300 | _a263 ص | ||
| 490 |
_aشكاوى المصرى الفصيح _v0 |
||
| 650 | 0 | 4 | _aاللغة العربية |
| 650 | 0 | 4 | _aالمعاجم |
| 650 | 0 | 4 | _aالشرطة |
| 650 | 0 | 4 | _aالقواميس |
| 650 | 0 | 4 | _aالمعاجم المتخصصة |
| 650 | 0 | 4 | _aالمصطلحات |
| 942 |
_2ddc _cREF |
||
| 999 |
_c59535 _d59535 |
||